Statistics for Biggest Car Brands - Extreme

Click here to take the quiz!

General Stats

  • This quiz has been taken 71 times
  • The average score is 26 of 70

Answer Stats

RankBrand% Correct
1Toyota
88%
2BMW
86%
3Mercedes-Benz
86%
4Volkswagen
86%
6Honda
84%
7Audi
79%
8Chevrolet
74%
13Ferrari
72%
35Fiat
70%
9Hyundai
70%
30Peugeot
70%
42Citroen
65%
14Kia
65%
49Lamborghini
65%
5Nissan
65%
26Mitsubishi
63%
22Tesla
60%
38Jeep
56%
19Volvo
56%
66Seat
53%
39Skoda
51%
56Aston Martin
49%
40Dodge
49%
20Opel
49%
15Suzuki
49%
37Cadillac
47%
34Bentley
44%
58Chrysler
44%
45Dacia
42%
21GMC
42%
43Jaguar
42%
10Lexus
42%
17Mazda
42%
11Subaru
42%
70Lada
40%
23MINI
40%
29Buick
37%
12Land Rover
37%
47Tata Motors
35%
53Infiniti
33%
33Lincoln
33%
48Rolls-Royce
30%
51Vauxhall
30%
27Acura
28%
52Maserati
28%
64Holden
26%
16Isuzu
26%
61RAM
23%
62McLaren
21%
59Smart
19%
18Geely
14%
67Ssangyong
14%
25Daihatsu
12%
54BYD Motors
9%
32Mahindra
7%
57Great Wall
5%
36BAIC
2%
44Iveco
2%
63Scion
2%
69Tofas
2%
50Bajaj Auto
0%
60Bao Jun
0%
31Changan
0%
46Dongfeng
0%
65FAW
0%
68Foton
0%
41JAC Motors
0%
55JMC
0%
24Polaris
0%
28Wuling
0%

Score Distribution

Percentile by Number Answered

Percent of People with Each Score

Your Score History

You have not taken this quiz